Random Pictures Quiz #1 - Statistics

General Stats
  • This quiz has been taken 32 times
  • The average score is 3 of 15
Answer Stats
Picture Answer % Correct
Tesla
83%
Koi
57%
Halley's Comet
40%
Milk Duds
33%
Birth of Venus
27%
Tower of Hanoi
13%
Camp David Accords
10%
Fermat's Last Theorem
10%
Assassination of Caesar
7%
Agent Orange
3%
Theda Bara
3%
Googoosh
0%
Sarawak
0%
The Last Spike
0%
Will-o'-the-wisp
0%
No matching quizzes found
Score Distribution
Percent of People with Each Score
Percentile by Number Answered
Your Score History
You have not taken this quiz